Material deprivation and its reflection in the Slovak society

Sociálne dôsledky ekonomickej transformácie, globalizácie a hospodárskej recesie znamenajú rast počtu osôb, ktoré z dôvodu rozličných znevýhodnení podstupujú zvýšené riziko sociálneho vylúčenia. Materiálna deprivácia a problémy s ekonomickou dimenziou materiálnej deprivácie rizikových skupín obyvat...

Ausführliche Beschreibung

Gespeichert in:
Bibliographische Detailangaben
1. Verfasser: Šipikalová, Silvia, 1979-
Format: Buchkapitel
Sprache:Slowakisch
Schlagworte:
Tags: Tag hinzufügen
Keine Tags, Fügen Sie das erste Tag hinzu!

MARC

LEADER 00000nla a2200000 4500
001 0226116
005 20251204125510.4
041 0 |a slo 
044 |a SK 
245 1 0 |a Material deprivation and its reflection in the Slovak society  |c Silvia Šipikalová 
520 |a Sociálne dôsledky ekonomickej transformácie, globalizácie a hospodárskej recesie znamenajú rast počtu osôb, ktoré z dôvodu rozličných znevýhodnení podstupujú zvýšené riziko sociálneho vylúčenia. Materiálna deprivácia a problémy s ekonomickou dimenziou materiálnej deprivácie rizikových skupín obyvateľstva. 
610 2 0 |a deprivácia 
610 2 0 |a deprivácia materiálna 
610 2 0 |a globalizácia 
610 2 0 |a recesia 
610 2 0 |a transformácia 
610 2 0 |a nerovnosť sociálna 
610 2 0 |a potreby ekonomické 
610 2 0 |a potreby životné 
610 2 0 |a vylúčenie sociálne 
100 1 |a Šipikalová, Silvia, 1979-